Statistics for corect answer

Click here to take the quiz!

General Stats

  • This quiz has been taken 4 times
  • The average score is 8 of 15

Answer Stats

QuestionAnswer% Correct
wich time zone have new south wales?+10 hours
100%
how old is pele in 1988?48
100%
wich country win the worldcup 1966?england
67%
wich country is the rich?germany
67%
wich is the oldest country?iran
67%
wich european country play never on a wk?litouwen
67%
how old ankara neymar?31 yrs
33%
how old is depay?35
33%
how old is messi, in 2023?35
33%
how old is ronaldo on 28 march 2023?38
33%
how old is mbappe en haaland samen?46
33%
how old kylian mbappe and haaland and ronaldo?83 yrs
33%
wich country never win the world cup?croatia
33%
wich country is on the thumbnail?nigeria
33%
how has the most goals footbal/soccer history?pele
33%

Score Distribution

Percentile by Number Answered

Percent of People with Each Score

Your Score History

You have not taken this quiz